01186nam a2200217 a 4500008004100000020001800041050001500059100002400074245009500098250001200193260003900205300002300244500002300267650002500290650002400315995017400339995016800513999001700681952013300698952013700831130516s2011 ||||||||||||||||| || u a9780702032325 aRM 735 Fou aDuncan, Edward A. S10aFoundations for practice in occupational therapy. (5th ed.)cedited by Edward A. S. Duncan a5th ed. aEdinburgh, London:bElsevierc2011 axviii, 265p.: ill. aSCHOOL OF MEDICINE 2aOCCUPATIONAL THERAPY 2aMODELS--THEORETICAL aMICHAEL CHILUFYA SATA OPEN ACCESSe902042FCBU-SCHOOL OF MEDICINE LIBRARY (Ndola)jRM 735 FouM2UAVAILABLEWMay 17, 2013y902042ZMedical Library Open Access Collection aMEDICAL LIBRARY OPEN ACCESSe902041FCBU-SCHOOL OF MEDICINE LIBRARY (Ndola)jRM 735 FouM1UAVAILABLEWMay 17, 2013y902041ZMedical Library Open Access Collection c63872d63872 00102lcc4070a008b008cMCS Library Open Access Collectiond2023-02-01l0oRM 735 Foup902042r2023-02-01t1w2023-02-01y002 00102lcc4070a002b002cMedical Library Open Access Collectiond2023-02-01l0oRM 735 Foup902041r2023-02-01t2w2023-02-01y002